| 000 | 00706nam a2200241Ia 4500 | ||
|---|---|---|---|
| 003 | OSt | ||
| 005 | 20220927105824.0 | ||
| 006 | a|||||r|||| 00| 0 | ||
| 007 | ta | ||
| 008 | 220926b |||||||| |||| 00| 0 eng d | ||
| 024 | _a197245 | ||
| 037 | _cReference Collections | ||
| 040 |
_aRTL _cRTL _beng |
||
| 041 |
_2eng _aeng |
||
| 082 | _a"Y:582, P8" | ||
| 100 |
_aKING Russell _9375290 |
||
| 245 | 0 |
_aInternal and international migration _b Bridging the theoretical divide |
|
| 260 |
_aUnited _b"Kingdom, University of Sussex, " _c2008 |
||
| 300 |
_a69p _ccm. |
||
| 500 | _aBibliography chapterwise | ||
| 942 |
_h"Y:582, P8" _cCC |
||
| 999 |
_c694859 _d694859 |
||